01373nam a2200289 a 450000100100000000500170001000800410002702000150006804000250008308200170010824501910012526000400031630000430035649000110039950000560041050501870046665000550065365000360070865000530074470000500079770000340084770000430088183000180092404900090094295201150095199900170106600001293020240306073902.0091118s2001 dr abc 000 0 spa d a8482613642 aDO-SdBNPbspacBNPHU a372.83bS67800aSociedad 3 :bhistoria y geografía de la República Dominicana /cdirección editorial Obdulia García de Escobar ; ilustración Ruddy Núñez ; editora Margarita Castro Catrain. aSanto Domingo :bSantillana,c2001. a255 p. :bil., maps., retrs. ;c28 cm.1 aUmbral aTercero de bachillerato. 1er. curso / Segundo ciclo1 aLa colonización en la isla de Santo Domingo -- Emancipación y vida republicana -- La formación del Estado moderno -- La primera mitad del siglo XX -- Descubre nuestro país... 4aHistoria dominicanaxEnseñanza secundaria929823 4aHistoriaxLibro de texto929824 4aCiencias socialesxEnseñanza secundaria9298251 aGarcía Escobar, Obdulia deedir. ed.9292201 aNúñez, Ruddy,eil.9231711 aCastro Catrain, Margarita,eed.929221 0aUmbral929222 aBNPD 0010718PDaPDbPDcCTd2009-11-18iLF1l0o372.83 S678p12930-10r2020-06-25w2020-06-25yLFPDZNo se presta c12578d12578